Statistics for 2018-19 Liverpool FC Winning Squad

Click here to take the quiz!

General Stats

  • This quiz has been taken 567 times
  • The average score is 12 of 12

Answer Stats

PositionNationalityPerson% Correct
CoachJürgen Klopp
100%
Right WingerMohamed Salah
100%
Left WingerSadio Mané
100%
GoalkeeperAlisson
99%
Central DefenderVirgil van Dijk
99%
Left BackAndy Robertson
98%
Centre ForwardRoberto Firmino
98%
Right BackTrent Alexander-Arnold
98%
MidfielderJordan Henderson
96%
Central DefenderJoël Matip
93%
MidfielderFabinho
92%
MidfielderGeorginio Wijnaldum
91%

Score Distribution

Percentile by Number Answered

Percent of People with Each Score

Your Score History

You have not taken this quiz